| Tag |
First Indicator |
Second Indicator |
Subfields |
| LEADER |
00000pam a2200000 a 4500 |
| 001 |
in00000097137 |
| 005 |
20150924085032.0 |
| 008 |
811110s1982 dcu b 00110 eng |
| 010 |
|
|
|a 81070465
|
| 020 |
|
|
|a 0815718888
|
| 020 |
|
|
|a 081571887X (pbk.)
|
| 035 |
|
|
|a (OCoLC)07977032
|
| 035 |
|
|
|9 AAK9012AM
|
| 039 |
0 |
|
|a 2
|b 3
|c 3
|d 3
|e 3
|
| 040 |
|
|
|a DLC
|c DLC
|d TXA
|d UtOrBLW
|
| 043 |
|
|
|a n-us---
|
| 049 |
|
|
|a TXAM
|c [1673875]
|
| 050 |
0 |
0 |
|a HN90 C6
|b D65
|
| 082 |
0 |
|
|a 361.6
|2 19
|
| 100 |
1 |
|
|a Dommel, Paul R.
|
| 245 |
1 |
0 |
|a Decentralizing urban policy :
|b case studies in community development /
|c Paul R. Dommel and associates, John Stuart Hall [and others].
|
| 264 |
|
1 |
|a Washington, D.C. :
|b Brookings Institution,
|c [1982]
|
| 264 |
|
4 |
|c ©1982
|
| 300 |
|
|
|a xi, 271 pages ;
|c 24 cm.
|
| 336 |
|
|
|a text
|b txt
|2 rdacontent
|
| 337 |
|
|
|a unmediated
|b n
|2 rdamedia
|
| 338 |
|
|
|a volume
|b nc
|2 rdacarrier
|
| 504 |
|
|
|a Includes bibliographical references and index.
|
| 505 |
0 |
|
|a Introduction -- Legislating and implementing a block grant -- Phoenix, Arizona / John Stuart Hall -- Houston, Texas / Victor E. Bach -- Chicago, Illinois / Leonard Rubinowitz -- Allegheny County, Pennsylvania / Leon L. Haley -- Carbondale, Illinois / John S. Jackson III -- The process and its outcomes -- Decentralization, a moving target.
|
| 650 |
|
0 |
|a Federal aid to community development
|z United States
|x Case studies.
|
| 650 |
|
0 |
|a Decentralization in government
|z United States.
|
| 999 |
|
|
|a MARS
|
| 999 |
f |
f |
|s df2749c1-c428-333b-8e6b-329754d454e8
|i 5a31eb0b-10b2-33aa-b62f-064e991753a9
|t 0
|
| 952 |
f |
f |
|p ric
|a Texas A&M University
|b Rellis Campus
|c Joint Library Facility
|d Remote Storage
|t 0
|e HN90 C6 D65
|h Library of Congress classification
|i unmediated -- volume
|m A14806269560
|
| 998 |
f |
f |
|a HN90 C6 D65
|t 0
|l Remote Storage
|